Value Proposition design (Record no. 369588)

MARC details
000 -LEADER
fixed length control field 00308nam a2200121Ia 4500
005 - DATE AND TIME OF LATEST TRANSACTION
control field 20251223131554.0
008 - FIXED-LENGTH DATA ELEMENTS--GENERAL INFORMATION
fixed length control field 251219s9999 xx 000 0 und d
041 ## - LANGUAGE CODE
Language code of text/sound track or separate title eng
100 ## - MAIN ENTRY--PERSONAL NAME
Personal name Osterwalder and others
9 (RLIN) 216053
245 ## - TITLE STATEMENT
Title Value Proposition design
260 ## - PUBLICATION, DISTRIBUTION, ETC. (IMPRINT)
Name of publisher, distributor, etc. Wiley
Date of publication, distribution, etc. 2014
300 ## - PHYSICAL DESCRIPTION
Extent 290
Other physical details Paper Back
Holdings
Withdrawn status Lost status Damaged status Not for loan Home library Current library Date acquired Cost, normal purchase price Total Checkouts Barcode Date last seen Cost, replacement price Bill Date Koha item type Original Barcode
        Smt. Hiraben Nanavati Institute of Management & Research for Women Smt. Hiraben Nanavati Institute of Management & Research for Women 15/12/2025 1.00   HIMR-DB-3334 23/12/2025 1.00 23/12/2025 Donated Book DB3334